000 00621 a2200217 4500
001 54505
003 NUST
005 20250305095202.0
008 170518b xxu||||| |||| 00| 0 eng d
040 _cNUST
082 _a891.4393
_bHIJ
100 _aNasim Hijazi
_91042
245 _aSaqafat ki talash/
_cby Nasim Hijazi
300 _a124 p.
546 _aIn urdu
651 _aUrdu Literature
_91043
880 _aثقافت کی تلاش
_6245-02\(3\r
_cنسیم حجازی
880 _aنسیم حجازی
_6100-01\(3\r
880 _aلاہور:
_6260-03\(3\r
_bجہانگیر بکس،
_c2002
942 _cBK
_cBK
_2ddc
999 _c329694
_d329694